Markéta vaří Rettigovou /

Hlavní autor: Hrubešová, Markéta, 1972-
Korporativní autor: SOME CZ (firma)
Jazyk: Čeština
Vydáno: Beroun : Pro společnost SOME CZ, s.r.o. Všeradice vydalo nakladatelství Machart, 2015
Vydání: Vydání první
Témata:
Fyzický popis: 149 stran : ilustrace (převážně barevné), 1 faksimile ; 23 cm
Knihy
Uloženo v:
LEADER 01478nam a2200421 i 4500
001 nkc20152727703
003 CZ PrNK
005 20171101134816.0
007 ta
008 150828s2015 xr ah e 001 0 cze
015 |a cnb002727703 
020 |a 978-80-87938-33-1  |q (Machart ;  |q vázáno) 
035 |a (OCoLC)953515418 
040 |a BOA001  |b cze  |d ABA001  |e rda 
072 7 |a 641  |x Kuchařství. Potraviny. Vařená jídla  |2 Konspekt  |9 19 
080 |a 641.55  |2 MRF 
080 |a (083.12)  |2 MRF 
100 1 |a Hrubešová, Markéta,  |d 1972-  |7 ola2002139739  |4 aut 
245 1 0 |a Markéta vaří Rettigovou /  |c Markéta Hrubešová 
250 |a Vydání první 
264 1 |a Beroun :  |b Pro společnost SOME CZ, s.r.o. Všeradice vydalo nakladatelství Machart,  |c 2015 
300 |a 149 stran :  |b ilustrace (převážně barevné), 1 faksimile ;  |c 23 cm 
336 |a text  |b txt  |2 rdacontent 
336 |a statický obraz  |b sti  |2 rdacontent 
337 |a bez média  |b n  |2 rdamedia 
338 |a svazek  |b nc  |2 rdacarrier 
500 |a Obsahuje rejstřík 
650 0 7 |a jídla  |7 ph114847  |2 czenas 
650 0 9 |a meals  |2 eczenas 
655 7 |a kuchařské recepty  |7 fd132687  |2 czenas 
655 9 |a cookbooks  |2 eczenas 
710 2 |a SOME CZ (firma)  |7 mzk2015891675  |4 isb 
910 2 |a BOA001  |b 2-1355.454 
928 9 |a Machart 
990 |a BK 
995 |a 01 
991 |b 201511  |c NOV  |e n 
996 6 |b 2610648602  |c 2-1355.454  |l MZK  |r Sklad / do 1 hodiny  |n 0  |p p.v.  |w 001529670  |u 000010  |a 1  |e BOA001  |j MZK50  |s P